|
|
|
|
| LEADER |
00000naa0a2200000 4500 |
| 001 |
595560 |
| 005 |
20250307105529.0 |
| 035 |
|
|
|a (RuTPU)RU\TPU\tpu\16873
|
| 035 |
|
|
|a RU\TPU\tpu\16872
|
| 090 |
|
|
|a 595560
|
| 100 |
|
|
|a 20091202d2000 k||y0rusy50 ba
|
| 101 |
1 |
|
|a eng
|
| 102 |
|
|
|a RU
|
| 200 |
1 |
|
|a Obtaining of microwave compressor output pulses of gigawatt power level
|d Получение на выходе СВЧ-компрессора импульсов гигаваттного уровня
|f P. Yu. Chumerin, Y. G. Yushkov
|
| 333 |
|
|
|a В фонде НТБ ТПУ отсутствует
|
| 463 |
|
|
|t First International Congress on Radiation Phisics, Higt Current Electronics and Modification of Materials (Tomsk, 24-29 Sept., 2000)
|o Proc. Vol. 2 12 th Symposium on Higt Current Electronics
|h Vol. 2
|v P. 434-436
|d 2000
|
| 610 |
1 |
|
|a труды учёных ТПУ
|
| 700 |
|
1 |
|a Chumerin
|b P. Yu.
|c physicist
|c Senior researcher of Tomsk Polytechnic University, Doctor of physical and mathematical science
|f 1958-
|g Pavel Yurievich
|3 (RuTPU)RU\TPU\pers\32716
|
| 701 |
|
1 |
|a Yushkov
|b Y. G.
|c Russian scientist
|c Professor of Tomsk Polytechnic University
|f 1937-
|g Yuri Georgievich
|3 (RuTPU)RU\TPU\pers\25936
|4 070
|
| 801 |
|
1 |
|a RU
|b 63413507
|c 20091202
|
| 801 |
|
2 |
|a RU
|b 63413507
|c 20141006
|g RCR
|
| 942 |
|
|
|c BK
|